000
00220 a2200097 4500
001
48569
100
_a
Letwin, W
245
_a
The origins of scientific economics
260
_a
Strand
_b
Methuen
_c
090
_c
31499
_d
31499
942
_a
NUST-CAE
_c
M
_c
23890
999
_c
283642
_d
283642